| 000 | 01004nam a22002051i 4500 | ||
|---|---|---|---|
| 001 | 181141 | ||
| 003 | ES-MaACL | ||
| 005 | 20230909063125.0 | ||
| 008 | 121024s1910 sp |||| | spa d | ||
| 100 | 1 |
_aBarras de Aragón, Francisco de las, _d1869-1955 _925859 |
|
| 245 | 1 | 0 |
_aDatos acerca del cultivo de las plantas acuáticas, crasas, bulbosas, epifitas y parásitas / _cpor Francisco de las Barras de Aragón. |
| 260 |
_a[Madrid : _bJunta para Ampliación de Estudios e Investigaciones Científicas, _c1910] |
||
| 300 |
_aP. 279-308 ; _c23 cm. |
||
| 490 | 1 |
_aAnales de la Junta para Ampliación de Estudios e Investigaciones Científicas ; _vt. 2, memoria 5 |
|
| 650 | 4 |
_aJardines botánicos- _zEuropa. _9151711 |
|
| 710 | 2 |
_aJunta para la Ampliación de Estudios e Investigaciones Científicas. _95413 |
|
| 830 | 0 |
_aAnales de la Junta para Ampliación de Estudios e Investigaciones Científicas ; _vt. 2, memoria 5 _9186710 |
|
| 852 |
_aES-MaACL _jB-13158(5) |
||
| 999 |
_c181141 _d181141 |
||